000 00230nam a2200097Ia 4500
008 230907s9999||||xx |||||||||||||| ||und||
082 _a333.794,GRE
245 0 _aGreen energy and efficiency/
300 _axii, 428p.:
942 _cBK
999 _c597515
_d597515